000 00681nam a2200289Ia 4500
005 20260324144914.0
008 008 260324s9999 xx 000 0 eng d
020 _a9780429037610
037 _aEBOOK
040 _aCRL
040 _beng
040 _cCRL
041 _2eng
041 _aeng
084 _qCRL
100 _aArthur J Klinghoffer
_91221043
245 0 _aIsrael And The Soviet Union
245 0 _bAlienation Or Reconciliation
260 _bTaylor and Francis
260 _c1985
365 _a
365 _b220
856 _uhttp://www.taylorfrancis.com/books/9780429037610
942 _cEBOOK
999 _c1828245
_d1828245